Psychologie v kostce : rozum, cit a vůle /

Hlavní autor: Ječný, Dobromil, 1917-2009
Další autoři: Koubek, Karel, 1937-
Jazyk: Čeština
Vydáno: Úvaly : Ratio, [1997]
Vydání: 1. vyd.
Edice: Gastronomie (Ratio)
Témata:
Fyzický popis: 177 s. : il. ; 21 cm
Knihy
Uloženo v:
LEADER 01360nam a2200373 a 4500
001 000148303
003 CZ BrMZK
005 20231101132123.0
007 ta
008 960815s1997 xr e f 0 cze d
015 |a cnb000204677 
020 |a 80-238-0868-0  |q (v knize neuvedeno ;  |q brož.) 
035 |a (OCoLC)37673870 
040 |a BOA001  |b cze 
072 7 |a 159.9  |x Psychologie  |2 Konspekt  |9 17 
080 |a 159.9  |2 MRF 
080 |a (035)  |2 MRF 
100 1 |a Ječný, Dobromil,  |d 1917-2009  |7 jk01051375  |4 aut 
245 1 0 |a Psychologie v kostce :  |b rozum, cit a vůle /  |c Dobromil Ječný, Karel Koubek 
250 |a 1. vyd. 
260 |a Úvaly :  |b Ratio,  |c [1997] 
300 |a 177 s. :  |b il. ;  |c 21 cm 
490 1 |a Gastronomie 
500 |a Bibliogr. 
650 0 7 |a psychologie  |7 ph115948  |2 czenas 
655 7 |a příručky  |7 fd133209  |2 czenas 
700 1 |a Koubek, Karel,  |d 1937-  |7 jn20000401441  |4 aut 
830 0 |a Gastronomie (Ratio)  |0 s 
910 |a BOA001  |b 2-1030.417  |b PK-0130.628 
920 |a 000351872 
990 |a BK 
996 6 |b 2610048777  |c 2-1030.417  |l MZK  |r Sklad / do 1 hodiny  |n 60  |p p.v.  |w 000148303  |u 000010  |a 1  |e BOA001  |j MZK50  |s P 
996 7 |b 3119013950  |c PK-0130.628  |l MZK  |r Sklad / do 1 hodiny  |n 34  |p kup  |w 000148303  |u 000020  |a 1  |e BOA001  |j MZK50  |s A 
996 7 |b 3119013951  |c PK-0130.628  |l MZK  |r Sklad / do 1 hodiny  |n 17  |p kup  |w 000148303  |u 000030  |a 1  |e BOA001  |j MZK50  |s A